LIBRARY & INFORMATION CENTRE, KCAET, TAVANUR

ONLINE PUBLIC ACCESS CATALOGUE (OPAC)

Resource Conserving Techniques in Crop Production (Record no. 14431)

MARC details
000 -LEADER
fixed length control field 00349nam a22001337a 4500
020 ## - INTERNATIONAL STANDARD BOOK NUMBER
ISBN 9788172336738
082 ## - DEWEY DECIMAL CLASSIFICATION NUMBER
Classification number 631.587
Item number SHA/RE
245 ## - TITLE STATEMENT
Title Resource Conserving Techniques in Crop Production
260 ## - PUBLICATION, DISTRIBUTION, ETC. (IMPRINT)
Place of publication Jodhpur
Name of publisher Scientific Publishers(india)
Year of publication 2011
300 ## - PHYSICAL DESCRIPTION
Number of Pages 523
700 ## - ADDED ENTRY--PERSONAL NAME
Personal name Sharma,A.R.
700 ## - ADDED ENTRY--PERSONAL NAME
Personal name Behera,U.K.
942 ## - ADDED ENTRY ELEMENTS (KOHA)
Koha item type Reference
Holdings
Withdrawn status Lost status Damaged status Collection code Home library Current library Shelving location Date acquired Source of acquisition Cost, normal purchase price Full call number Accession Number Koha item type
      Reference KAUAET KAUAET Reference 01/07/2016 Neoti Book Agency New Delhi 2675.00 631.587 SHA/RE 23859 Reference
free website counter